| 000 | 00731nam a22002057a 4500 | ||
|---|---|---|---|
| 003 | NUST-PNEC | ||
| 005 | 20170116180921.0 | ||
| 008 | 140913b xxu||||| |||| 00| 0 eng d | ||
| 020 | _a9780470505861 | ||
| 040 | _cPNEC | ||
| 082 | _a620.11 CAL | ||
| 100 |
_9184 _aCallister William D. |
||
| 245 |
_aMaterials science and engineering _cWilliam D. Callister |
||
| 250 | _a2nd ed. | ||
| 260 |
_aHoboken _bJohn Wiley & Sons (Asia) Pte Ltd _cc2011. |
||
| 300 |
_axx, 885 p. and various paging _bill. : _c26 cm. |
||
| 500 | _aIncludes Index http://www.amazon.com/Materials-Science-Engineering-William-Callister/dp/0470505869/ref=sr_1_1?s=books&ie=UTF8&qid=1410595194&sr=1-1&keywords=9780470505861 | ||
| 650 | _xME | ||
| 942 |
_2ddc _cBK |
||
| 999 |
_c65618 _d65618 |
||